000 00443 a2200169 4500
001 183397
020 _a85-08-00755-8
040 _cMagnum
100 _aSierra, Ione Maria Artigas de
240 1 0 _aContos, mitos e lendas para crianças da América Latina
_lpor
245 1 0 _aContos, mitos e lendas para crianças da América Latina
300 _a72
362 0 _a2000
440 1 _aÁtica
697 _aLITERATURA INFANTO
942 _cBK
999 _c183397
_d183397